000 00234nam a2200097Ia 4500
008 220204s9999 xx 000 0 und d
082 _a643.51
_bHOW
245 0 _aHow to design a chic bedroom
260 _aJapan
_bJoie
_c1980
942 _cBK
999 _c25635
_d25635